000 00525nam a2200205Ia 4500
005 20260429112251.0
008 260429s9999||||xx |||||||||||||| ||und||
020 _a9781032687704
041 _aEnglish
082 _a511.36
_bDEB
100 _aDeBonis, Mark J.
245 0 _aBeginner's guide to mathematical proof /
_cMark J. DeBonis
250 _a1st ed.
260 _aBoca Raton :
_bCrc Press,
_c2025.
300 _ax, 159 p.; pbk
650 _a Logic
650 _a Proof
650 _aMathematics
942 _cTB
999 _c53213
_d53213